000 00420nam a22001697a 4500
999 _c1916
_d1916
003 SLTCLib
008 260114b ce ||||| |||| 00| 0 eng d
020 _a978-0395286975
041 _aEnglish
082 _a517
_bDOL
100 _a Dolciani, Mary P.
_93417
245 _aModern Introductory Analysis
260 _bHoughton Mifflin College
_c1980
300 _a713p.
650 0 _95
_aMathematics
942 _2ddc
_cMLN
945 _a3725
_bIshara wickramage
_c3725
_dIshara wickramage